The Great Sammy Davis Jr. (CD áudio) (Registo nº 202425)

Detalhes MARC
000 -Etiqueta do registo
Valores 00451nam 22001693 4500
100 ## - Dados gerais de processamento
Dados gerais 20260602d u||y0pory50 ba
200 ## - Titulo e menção de responsabilidade
Título próprio The Great Sammy Davis Jr. (CD áudio)
Primeira menção de responsabilidade Sammy Davis Jnr
210 ## - Publicação
Nome do editor EMI Records
215 ## - Descrição física 
Outras indicações físicas 1 cd áudio com 62 m.
606 ## - Nome comum usado como assunto
ID Autoridade 1103
Palavra de ordem Música
610 ## - Termos não controlados
Palavra de ordem musica estrangeira
675 ## - CDU
Notação 78
Edição GB
Língua eng
700 ## - Autor principal (pessoa individual)
ID Autoridade 17443
Apelido Junior
Nome Sammy Davis
801 ## - Fonte de origem
País PT
Agência BMMN
Regras de catalogação RPC
990 ## - Elementos KOHA
Tipo de documento CD Música
Exemplares
Aquisição Código de barras Cota Permissão de empréstimo Empréstimo Forma de aquisição
Biblioteca Municipal de Montemor-o-Novo 31916 78 JNR(est)|DEP   Biblioteca Municipal de Montemor-o-Novo Compra

Powered by Koha